Nghiên cứu biến tính Silica với Chitosan mang thuốc Fluorouracil ứng dụng trong điều trị ung thư : Luận văn tốt nghiệp Cao học. Chuyên ngành Hóa hữu cơ
Đề tài nghiên cứu tổng hợp nano silica xốp, tiến hành biến tính nano silica xốp với chitosan, mang 5-FU và khảo sát khả năng mang và phóng thích thuốc.
Tallennettuna:
| Päätekijä: | |
|---|---|
| Aineistotyyppi: | Kirja |
| Kieli: | Undetermined |
| Julkaistu: |
Cần Thơ
Trường Đại học Cần Thơ
2015
|
| Aiheet: | |
| Tagit: |
Lisää tagi
Ei tageja, Lisää ensimmäinen tagi!
|
| Thư viện lưu trữ: | Trung tâm Học liệu Trường Đại học Cần Thơ |
|---|
| LEADER | 01073nam a2200217Ia 4500 | ||
|---|---|---|---|
| 001 | CTU_205750 | ||
| 008 | 210402s9999 xx 000 0 und d | ||
| 082 | |a 547.2 | ||
| 082 | |b K600 | ||
| 088 | |a 60440114 | ||
| 100 | |a Đặng, Cao Kỵ | ||
| 245 | 0 | |a Nghiên cứu biến tính Silica với Chitosan mang thuốc Fluorouracil ứng dụng trong điều trị ung thư : | |
| 245 | 0 | |b Luận văn tốt nghiệp Cao học. Chuyên ngành Hóa hữu cơ | |
| 245 | 0 | |c Đặng Cao Kỵ ; Nguyễn Cửu Khoa, Nguyễn Đại Hải (Cán bộ hướng dẫn) | |
| 260 | |a Cần Thơ | ||
| 260 | |b Trường Đại học Cần Thơ | ||
| 260 | |c 2015 | ||
| 520 | |a Đề tài nghiên cứu tổng hợp nano silica xốp, tiến hành biến tính nano silica xốp với chitosan, mang 5-FU và khảo sát khả năng mang và phóng thích thuốc. | ||
| 650 | |a Hóa hữu cơ,Chemistry, organic | ||
| 904 | |i Hải | ||
| 980 | |a Trung tâm Học liệu Trường Đại học Cần Thơ | ||